000 00916nam a22002297a 4500
999 _c8005
_d8005
003 AR-CdUCM
008 190322b ||||| |||| 00| 0 spa d
040 _aMUNICIPALIDAD PROVINCIAL DEL CUSCO
_cBIBLIOTECA MUNICIPAL DEL CUSCO
082 _a630.385 /
_bR62
100 _aRivero Luque, Victor
_922612
245 _aLa chakitaqlla en el mundo andino /
260 _aCusco :
_bGráfica bellido,
_c1987.
300 _a140 paginas ;
_bIlustraciones,
_c20 cm.
505 _aContenido : Origen de la chakitaqlla y cosmo-visión andina -- Construcción de la chakitaqlla -- Trabajo con la chakitaqlla -- Labranza con la chakitaqlla -- Clasificación y descripción de las chakitaqllas.
650 _achakitaqlla
_922613
650 _aCosmo visión andina
_922614
650 _aHerramientas andina
_922615
650 _aTecnología andina
_910426
710 _aCORDE Cusco
_922616
942 _2ddc
_cLIBROS
945 _awnts